Tejo Tungabhadra(തേജോ തുംഗഭദ്ര) (Record no. 115253)

MARC details
000 -LEADER
fixed length control field 00429 a2200157 4500
005 - DATE AND TIME OF LATEST TRANSACTION
control field 20260407145935.0
008 - FIXED-LENGTH DATA ELEMENTS--GENERAL INFORMATION
fixed length control field 260407b |||||||| |||| 00| 0 eng d
020 ## - INTERNATIONAL STANDARD BOOK NUMBER
International Standard Book Number 9789364870931
080 ## - UNIVERSAL DECIMAL CLASSIFICATION NUMBER
Universal Decimal Classification number FM
Item number VAS/T
100 ## - MAIN ENTRY--PERSONAL NAME
Personal name Vasudhendra
245 ## - TITLE STATEMENT
Title Tejo Tungabhadra(തേജോ തുംഗഭദ്ര)
260 ## - PUBLICATION, DISTRIBUTION, ETC. (IMPRINT)
Name of publisher, distributor, etc D C books
Place of publication, distribution, etc Kottayam
Date of publication, distribution, etc 2025
300 ## - PHYSICAL DESCRIPTION
Extent 432p.
653 ## - INDEX TERM--UNCONTROLLED
Uncontrolled term Fiction-Novel-Malayalam Literature
942 ## - ADDED ENTRY ELEMENTS (KOHA)
item type Books
Holdings
Lost status Source of classification or shelving scheme Not for loan Home library Current library Date acquired Cost, normal purchase price Total Checkouts Full call number Barcode Date last seen Cost, replacement price Price effective from Koha item type Public note
  Universal Decimal Classification Not For Loan University Library University Library 27/02/2026 332.68   FM VAS/T 00097332 27/02/2026 499.00 27/02/2026 Books Processing
University Library, CUSAT